| 000 -LEADER |
| fixed length control field |
00722nam a22001817a 4500 |
| 020 ## - INTERNATIONAL STANDARD BOOK NUMBER |
| ISBN |
9786210800388 |
| 082 ## - DEWEY DECIMAL CLASSIFICATION NUMBER |
| Classification number |
499.211 |
| Item number |
B5178 2023 |
| 100 ## - MAIN ENTRY--AUTHOR NAME |
| Personal name |
Bernales, Rolando A., author. |
| 245 ## - TITLE STATEMENT |
| Title |
Kulturang popular : pagbasa, pagsusuri at paglikha / Rolando A. Bernales, Jonathan V. Geronimo, Jenice G. Orpeza ; kontribyutor, Abdullah T. Abubakar. |
| 260 ## - PUBLICATION, DISTRIBUTION, ETC. (IMPRINT) |
| Place of publication |
Malabon City : |
| Name of publisher |
Mutya Publishing House, Inc., |
| Year of publication |
©2023. |
| 300 ## - PHYSICAL DESCRIPTION |
| Number of Pages |
132 pages : |
| Other physical details |
illustrations ; 26 cm |
| 500 ## - GENERAL NOTE |
| General note |
Includes bibliographical references. |
| 650 ## - SUBJECT ADDED ENTRY--TOPICAL TERM |
| Topical Term |
Filipino language -- Study and teaching. |
| 650 ## - SUBJECT ADDED ENTRY--TOPICAL TERM |
| Topical Term |
Academic writing -- Study and teaching (Higher). |
| 700 ## - ADDED ENTRY--PERSONAL NAME |
| Personal name |
Geronimo, Jonathan V. |
| 700 ## - ADDED ENTRY--PERSONAL NAME |
| Personal name |
Orpeza, Jenice G. |
| 942 ## - ADDED ENTRY ELEMENTS (KOHA) |
| Koha item type |
Books |